<?xml version="1.0" encoding="UTF-8"?>
<record
    xmlns:xsi="http://www.w3.org/2001/XMLSchema-instance"
    xsi:schemaLocation="http://www.loc.gov/MARC21/slim http://www.loc.gov/standards/marcxml/schema/MARC21slim.xsd"
    xmlns="http://www.loc.gov/MARC21/slim">

  <leader>00390nam a22001457a 4500</leader>
  <controlfield tag="003">NUST</controlfield>
  <controlfield tag="005">20230220135214.0</controlfield>
  <datafield tag="082" ind1=" " ind2=" ">
    <subfield code="a">297,NAW</subfield>
  </datafield>
  <datafield tag="100" ind1=" " ind2=" ">
    <subfield code="a">Dasti, Muhammad Gul Nawaz </subfield>
    <subfield code="9">109252</subfield>
  </datafield>
  <datafield tag="245" ind1=" " ind2=" ">
    <subfield code="a">Ayeha e Sunat or Humari Foragushati /</subfield>
    <subfield code="c">Muhammad Gul Nawaz Dasti</subfield>
  </datafield>
  <datafield tag="260" ind1=" " ind2=" ">
    <subfield code="a">Faiz ul Islaam</subfield>
    <subfield code="b">Islamabad</subfield>
    <subfield code="c">2016</subfield>
  </datafield>
  <datafield tag="300" ind1=" " ind2=" ">
    <subfield code="a">106 p</subfield>
  </datafield>
  <datafield tag="650" ind1=" " ind2=" ">
    <subfield code="a">Ayeha e Sunat</subfield>
    <subfield code="9">109253</subfield>
  </datafield>
  <datafield tag="942" ind1=" " ind2=" ">
    <subfield code="2">ddc</subfield>
    <subfield code="c">BK</subfield>
  </datafield>
  <datafield tag="999" ind1=" " ind2=" ">
    <subfield code="c">593371</subfield>
    <subfield code="d">593371</subfield>
  </datafield>
  <datafield tag="952" ind1=" " ind2=" ">
    <subfield code="0">0</subfield>
    <subfield code="1">0</subfield>
    <subfield code="2">ddc</subfield>
    <subfield code="4">0</subfield>
    <subfield code="7">0</subfield>
    <subfield code="a">MCS</subfield>
    <subfield code="b">MCS</subfield>
    <subfield code="c">GEN</subfield>
    <subfield code="d">2023-02-20</subfield>
    <subfield code="j">6</subfield>
    <subfield code="l">0</subfield>
    <subfield code="o">297,NAW</subfield>
    <subfield code="p">MCS37517</subfield>
    <subfield code="r">2023-02-20</subfield>
    <subfield code="w">2023-02-20</subfield>
    <subfield code="y">BK</subfield>
    <subfield code="z">Almirah No.63, Shelf No.2</subfield>
  </datafield>
</record>
